[Event "Kalamazoo op12"]
[Site "Kalamazoo"]
[Date "1999.12.18"]
[Round "1"]
[White "Bambrough, Brian"]
[Black "Rutgers, Randy"]
[Result "1-0"]
[WhiteElo "1999"]
[BlackElo "1575"]
[PlyCount "67"]
[EventDate "1999.12.18"]
[EventType "swiss"]
[EventRounds "3"]
[EventCountry "USA"]
[SourceTitle "EXT 2007"]
[Source "ChessBase"]
[SourceDate "2006.11.23"]
[SourceVersion "1"]
[SourceVersionDate "2006.11.23"]
[SourceQuality "1"]

1. c4 c5 2. Nc3 Nc6 3. e4 g6 4. f4 Bg7 5. Nf3 d6 6. Be2 Bg4 7. 0-0 Nf6 8. d3 0-0 9. Rb1 Nd7 10. a3 e6 11. Be3 Rc8 12. Qd2 Qe7 13. b4 d5 14. cxd5 cxb4 15. axb4 Nxb4 16. Nb5 Rc2 17. d6 Qf6 18. Qxb4 Rxe2 19. e5 Qf5 20. Bxa7 Bxe5 21. fxe5 f6 22. Nbd4 Rxg2+ 23. Kxg2 Bh3+ 24. Kh1 Qxd3 25. Rfd1 Qe4 26. Qxb7 Qg4 27. Rg1 Qf4 28. Qxd7 Rf7 29. Rb8+ Kg7 30. Qxf7+ Kxf7 31. d7 fxe5 32. d8Q Kg7 33. Qh8+ Kh6 34. Rg8 1-0